000 00409nam a2200157 i 4500
001 bg
100 1 _aBORISOV, Oleg B.
245 0 _aZwiązek Radziecki i mandżurska baza rewolucyjna 1945-1949 /
_cOleg Borisow.
260 _aWarszawa,
_c1979.
700 1 _aBorisow, Oleg.
040 _cBPK
041 _apol
080 _a327(45+57:510+518)"19"
942 _cKS
008 s pl f |000 0 pol
999 _c9691
_d9691
856 _uhttp://koha.tu.koszalin.pl/cgi-bin/koha/opac-detail.pl?biblionumber=9691
_yKatalog online BPK